| 000 | 01738nam a2200409Ia 4500 | ||
|---|---|---|---|
| 001 | ebr10172643 | ||
| 003 | CaPaEBR | ||
| 006 | m u | ||
| 007 | cr cn||||||||| | ||
| 008 | 060616s2006 enka sb 101 0 eng d | ||
| 010 | _z 2006045184 | ||
| 020 | _z9781403970619 (hbk.) | ||
| 020 | _z1403970610 (hbk.) | ||
| 040 |
_aCaPaEBR _cCaPaEBR |
||
| 035 | _a(OCoLC)182530402 | ||
| 050 | 1 | 4 |
_aE183.8.C5 _bR44 2006eb |
| 082 | 0 | 4 |
_a327.73051 _222 |
| 245 | 0 | 0 |
_aReflections on the triangular relations of Beijing-Taipei-Washington since 1995 _h[electronic resource] : _bstatus quo at the Taiwan straits? / _cedited by Shiping Hua. |
| 260 |
_aBasingstoke : _bPalgrave Macmillan, _c2006. |
||
| 300 |
_axiii, 303 p. : _bill. |
||
| 504 | _aIncludes bibliographical references and index. | ||
| 533 |
_aElectronic reproduction. _bPalo Alto, Calif. : _cebrary, _d2009. _nAvailable via World Wide Web. _nAccess may be limited to ebrary affiliated libraries. |
||
| 650 | 0 | _aInternational relations. | |
| 651 | 0 |
_aUnited States _xForeign relations _zChina. |
|
| 651 | 0 |
_aChina _xForeign relations _zUnited States. |
|
| 651 | 0 |
_aUnited States _xForeign relations _zTaiwan. |
|
| 651 | 0 |
_aTaiwan _xForeign relations _zUnited States. |
|
| 651 | 0 |
_aChina _xForeign relations _zTaiwan. |
|
| 651 | 0 |
_aTaiwan _xForeign relations _zChina. |
|
| 651 | 0 |
_aTaiwan Strait _xStrategic aspects. |
|
| 651 | 0 |
_aUnited States _xForeign relations _y1993-2001. |
|
| 651 | 0 |
_aUnited States _xForeign relations _y2001-2009. |
|
| 655 | 7 |
_aElectronic books. _2local |
|
| 700 | 1 |
_aHua, Shiping, _d1956- |
|
| 710 | 2 | _aebrary, Inc. | |
| 856 | 4 | 0 |
_uhttp://site.ebrary.com/lib/rucke/Doc?id=10172643 _zAn electronic book accessible through the World Wide Web; click to view |
| 999 |
_c248828 _d248828 |
||